Green cities of Europe : (Record no. 11095)

000 -LEADER
fixed length control field 01416cam a2200325 a 4500
001 - CONTROL NUMBER
control field 17023045
005 - DATE AND TIME OF LATEST TRANSACTION
control field 20221230161102.0
008 - FIXED-LENGTH DATA ELEMENTS--GENERAL INFORMATION
fixed length control field 111027s2012 dcuab b 001 0 eng
010 ## - LIBRARY OF CONGRESS CONTROL NUMBER
LC control number 2011041660
020 ## - INTERNATIONAL STANDARD BOOK NUMBER
International Standard Book Number 9781597269742 (cloth : alk. paper)
020 ## - INTERNATIONAL STANDARD BOOK NUMBER
International Standard Book Number 1597269743 (cloth : alk. paper)
020 ## - INTERNATIONAL STANDARD BOOK NUMBER
International Standard Book Number 9781597269759 (pbk. : alk. paper)
020 ## - INTERNATIONAL STANDARD BOOK NUMBER
International Standard Book Number 1597269751 (pbk. : alk. paper)
040 ## - CATALOGING SOURCE
Original cataloging agency DLC
Transcribing agency DLC
Modifying agency DLC
043 ## - GEOGRAPHIC AREA CODE
Geographic area code e------
050 00 - LIBRARY OF CONGRESS CALL NUMBER
Classification number HT243.E85
Item number B43 2012
082 00 - DEWEY DECIMAL CLASSIFICATION NUMBER
Classification number 307.76094
Edition number 23
100 1# - MAIN ENTRY--PERSONAL NAME
Personal name Beatley, Timothy,
Dates associated with a name 1957-
245 10 - TITLE STATEMENT
Title Green cities of Europe :
Remainder of title global lessons on green urbanism /
Statement of responsibility, etc. edited by Timothy Beatley.
260 ## - PUBLICATION, DISTRIBUTION, ETC.
Place of publication, distribution, etc. Washington, DC :
Name of publisher, distributor, etc. Island Press,
Date of publication, distribution, etc. c2012.
300 ## - PHYSICAL DESCRIPTION
Extent viii, 234 p. :
Other physical details ill., maps ;
Dimensions 23 cm.
504 ## - BIBLIOGRAPHY, ETC. NOTE
Bibliography, etc. note Includes bibliographical references and index.
650 #0 - SUBJECT ADDED ENTRY--TOPICAL TERM
Topical term or geographic name entry element Urban ecology (Sociology)
Geographic subdivision Europe
Form subdivision Case studies.
650 #0 - SUBJECT ADDED ENTRY--TOPICAL TERM
Topical term or geographic name entry element Urbanization
General subdivision Environmental aspects
Geographic subdivision Europe
Form subdivision Case studies.
650 #0 - SUBJECT ADDED ENTRY--TOPICAL TERM
Topical term or geographic name entry element Sustainable urban development
Geographic subdivision Europe
Form subdivision Case studies.
650 #0 - SUBJECT ADDED ENTRY--TOPICAL TERM
Topical term or geographic name entry element Environmental policy
Geographic subdivision Europe
Form subdivision Case studies.
906 ## - LOCAL DATA ELEMENT F, LDF (RLIN)
a 7
b cbc
c orignew
d 1
e ecip
f 20
g y-gencatlg
925 0# -
-- acquire
-- 2 shelf copies
-- policy default
955 ## - COPY-LEVEL INFORMATION (RLIN)
-- re06 2011-10-27 (telework) to Dewey
-- rb07 2011-11-04
-- xj05 2012-10-16 (telework)
-- rf09 2013-01-10 copy 2 added
Holdings
Withdrawn status Lost status Source of classification or shelving scheme Damaged status Not for loan Permanent Location Current Location Date acquired Source of acquisition Cost, normal purchase price Total Checkouts Barcode Date last seen Date last checked out Cost, replacement price Price effective from Koha item type
          BMS College of Architecture, Design and Planning BMS College of Architecture, Design and Planning 2023-03-07 10 2434.32 1 AR-PG578 2025-09-12 2025-01-21 3477.60 2023-03-07 PG Books
Copyright © 2025, The Librarian, Library and Information Centre, BMSCA D&P, Bengaluru. All Rights Reserved
web counter

Powered by Koha